000 00736cab a2200217 4500
001 WB3204-16
008 090401t1996 xxu||||| |||| 00| 0 eng d
035 _a(Sirsi) u8402
041 _aeng
245 _aHesitancy in the North
260 _c1996
350 _a0
490 _aTimes
_v24 January 1996, 38(2)
520 _aA survey by Jones Lang Wootton shows that although confidence in commercial property is higher than in the north west, demand for space remains low.
650 _aJONES LANG WOOTTON
650 _aNORTH OF ENGLAND
650 _aPROPERTY-COMMERCIAL PROPERTY-OFFICE PROPERTY-OFFICE PROPERTY MARKET
690 _aPROPERTY-COMMERCIAL PROPERTY-COMMERCIAL PROPERTY MARKET
942 _n0
948 _c04/03/1997
999 _c5172
_d5172